The trumpet-major, John Loveday : a soldier in the war with Buonaparte, and Robert his brother, first mate in the merchant service : (Record no. 6551)
[ view plain ]
| 000 -LEADER | |
|---|---|
| fixed length control field | 00729nam a2200229 a 4500 |
| 001 - CONTROL NUMBER | |
| JCCL Control Number | 6551 |
| 003 - CONTROL NUMBER IDENTIFIER | |
| JCCL marc code | BD-JhCC |
| 005 - DATE AND TIME OF LATEST TRANSACTION | |
| control field | 20180125183643.0 |
| 008 - FIXED-LENGTH DATA ELEMENTS--GENERAL INFORMATION | |
| fixed length control field | 180125s1961 e |||| || | 000 0 eng d |
| 035 ## - SYSTEM CONTROL NUMBER | |
| system control number | (BD-JhCC)6551 |
| 040 ## - CATALOGING SOURCE | |
| Original cataloging agency | BD-JhCC |
| Modifying agency | BD-JhCC |
| 041 ## - LANGUAGE CODE | |
| Language code of Book | eng |
| 082 ## - DEWEY DECIMAL CLASSIFICATION NUMBER | |
| Classification number | 823.8 |
| Author mark and Year | HAR 1961 |
| 100 ## - MAIN ENTRY--PERSONAL NAME | |
| Personal name | Hardy, Thomas |
| 245 ## - TITLE STATEMENT | |
| Title | The trumpet-major, John Loveday : a soldier in the war with Buonaparte, and Robert his brother, first mate in the merchant service : |
| Remainder of title | a tale / |
| Statement of responsibility, etc | Thomas Hardy |
| 260 ## - PUBLICATION, DISTRIBUTION, ETC. (IMPRINT) | |
| Place of publication, distribution, etc | London : |
| Name of publisher, distributor, etc | Macmillan & Co, Ltd. |
| Date of publication, distribution, etc | 1961 |
| 300 ## - PHYSICAL DESCRIPTION | |
| Pagination | 381 p. : |
| Dimensions | 20 cm. |
| 650 ## - SUBJECT ADDED ENTRY--TOPICAL TERM | |
| Topical term or geographic name as entry element | Manners and Customs |
| Geographic subdivision | England |
| 650 ## - SUBJECT ADDED ENTRY--TOPICAL TERM | |
| Topical term or geographic name as entry element | Soldiers -- England -- Wessex -- Fiction. |
| 942 ## - ADDED ENTRY ELEMENTS (KOHA) | |
| Source of classification or shelving scheme | Dewey Decimal Classification |
| Koha item type | Books |
| Source of classification or shelving scheme | Damaged status | Not for loan | Home library | Current library | Shelving location | Date of accession | Total Checkouts | Full call number | Barcode | Date last seen | Copy number | Koha item type |
|---|---|---|---|---|---|---|---|---|---|---|---|---|
| Dewey Decimal Classification | JCC Rouf Library | JCC Rouf Library | General Stacks | 01/25/2018 | 823.8 HAR 1961 | 8808 | 01/25/2018 | C-1 | Books |